000 00840nam a2200265Ia 4500
003 OSt
005 20220918224526.0
006 a|||||r|||| 00| 0
007 ta
008 220917b |||||||| |||| 00| 0 eng d
024 _a229,792
037 _cTextual
040 _aARTS
_cARTS
_beng
041 _2eng
_aeng
082 _aW:19:(R), P3
100 _aChowdhry Geeta Ed.
_9142572
245 0 _aPower, postcolonialism and international relations
_b reading race, gender and class
260 _aLondon
_bRoutledge
_c2003
300 _axii, 324p.
_ccm.
490 _aRoutledge adsvances in international relations and global politics
650 _aPOLITICAL SCIENCE
700 _a Nair Sheila Ed.
_9142573
942 _hW:19:(R), P3
_cTEXL
_2CC
999 _c281517
_d281517